LEADER 01783nam1 22003611i 450 001 UON00258947 005 20231205103704.153 100 $a20041122g19711975 |0itac50 ba 101 $aheb 102 $aIL 105 $a|||| 1|||| 200 1 $aMidrash rabbah$fMosheh Arieh Mirkin 205 $a2 ed 210 $aTel-Aviv$cYavneh Publishing House$d1971-1975 215 $a11 v.$d24 cm 311 $aSEB VII B 040 (1-4)$9UON00259766 311 $aSEB VII B 040 (11)$9UON00259773 311 $aSEB VII B 040 (5-6)$9UON00259770 311 $aSEB VII B 040 (7-8)$9UON00259771 311 $aSEB VII B 040 (9-10)$9UON00259772 463 0$1001UON00259766$12001 $aBereshit Rabbah$fMosheh A. Mirkin$1210 $aTel Aviv$cYavneh Publishing House$d1971-1972$1215 $a4 v.$d24 cm$v1-4 SEB VII B 040 (1-4) 463 0$1001UON00259773$12001 $aDevarim Rabbah$fMosheh A. Mirkin$1210 $aTel Aviv$cYavneh Publishing House$d1975$1215 $a24 cm$v11 SEB VII B 040 (11) 463 0$1001UON00259770$12001 $aShemoth Rabbah$fMosheh A. Mirkin$1210 $aTel Aviv$cYavneh Publishing House$d1972-1973$1215 $a2 v.$d24 cm$v5-6 SEB VII B 040 (5-6) 463 0$1001UON00259771$12001 $aWa-yiqra' Rabbah$fMosheh A. Mirkin$1210 $aTel Aviv$cYavneh Publishing House$d1973$1215 $a2 v.$d24 cm$v7-8 SEB VII B 040 (7-8) 463 0$1001UON00259772$12001 $aBe-midbar Rabbah$fMosheh A. Mirkin$1210 $aTel Aviv$cYavneh Publishing House$d1973-1974$1215 $a2 v.$d24 cm$v9-10 SEB VII B 040 (9-10) 606 $aLETTERATURA RABBINICA MEDIEVALE$xMIDRASH$3UONC054607$2FI 620 $aIL$dTel Aviv$3UONL000409 702 1$aMIRKIN$bMosheh Arieh$3UONV151875 712 $aYavneh$3UONV248755$4650 801 $aIT$bSOL$c20240220$gRICA 912 $aUON00258947 996 $aMidrash Rabbah$91210364 997 $aUNIOR